| 000 | 00843nam a2200217Ia 4500 | ||
|---|---|---|---|
| 001 | 15801 | ||
| 005 | 20260311121805.0 | ||
| 008 | 260306t2022||||xx |||||||||||||| ||und|| | ||
| 041 | _aESP | ||
| 082 |
_a620.11 _bA174 2022 |
||
| 100 |
_aAskeland, Donald R. _eAUT |
||
| 245 | 0 | _aCiencia e ingeniería de materiales | |
| 260 | _c2022 | ||
| 300 |
_axx, 860 páginas : _c27 cm. |
||
| 650 | _aGEN | ||
| 654 | _aCIA | ||
| 856 |
_uhttps://itmsp.museknowledge.com/UCSP?url=https://www.ebooks7-24.com:443/?il=19639&pg=1 _zVersión digital |
||
| 856 |
_uhttps://0u213s231-y-https-ebooks7--24-com.itmsp.museknowledge.com/biblioteca.aspx _zVéase además: Base de datos Ebook7-24 |
||
| 856 |
_uhttps://0u20fs237-y-https-research-ebsco-com.itmsp.museknowledge.com/c/qxo6us/search _zVéase además: Base de datos EBSCOhost |
||
| 942 |
_cLIB _dJUS _fJUS _2ddc |
||
| 999 |
_c15801 _d15801 |
||